000 00299nam a22001337a 4500
999 _c12332
_d12332
020 _a9789695034668
082 _a297.35
100 _aMolana Jalaluddin Romi
245 _aMasnawi Molvi Maanawi
250 _aVoume 5,6
260 _aPakistan
_bAl-Faisal
_c2006
300 _a569 pages.
942 _cBK